00546nam a2200157 i 4500001000700000003000900007005001700016007000300033008004100036100002900077245015300106260003700259300002900296710002800325852003500353146817ES-MaACL20230906201700.0t|070918s1982 sp ||||1| spa d1 aTrincker, Dietrich E. W.10aCeremonia de investidura como Doctor Honoris causa al profesor E.W. Dietrich Trincker b: tema: problemas y aspectos actuales de la Neurobiología. aCádiz : bUniversidad, c1982. a46 p. : bil. ; c24 cm.2 aUniversidad de Cádiz. aES-MaACLj2125-F-20 bR.104131